US States With Palm Trees - Statistics

General Stats
  • This quiz has been taken 64 times
  • The average score is 17 of 18
Answer Stats
Hint Answer % Correct
Native California
100%
Native Florida
100%
Non Native New Mexico
100%
Native Georgia
98%
Native Mississippi
98%
Native Texas
98%
Native South Carolina
96%
Native Alabama
94%
Native Arizona
94%
Native Hawaii
94%
Disputed Nevada
94%
Native North Carolina
94%
Disputed Oklahoma
94%
Native Louisiana
92%
Disputed Arkansas
91%
Disputed Virginia
87%
Non Native Utah
85%
Non Native Tennessee
81%
No matching quizzes found
Score Distribution
Percent of People with Each Score
Percentile by Number Answered
Your Score History
You have not taken this quiz